Slovakia hockey team 2021 - Statistics

General Stats
  • This quiz has been taken 8 times
    5 since last reset
  • The average score is 13 of 28
Answer Stats
Position Answer % Correct
Goalkeeper Adam Huska
100%
Forward Marek Hrivik
100%
Forward Peter Cehlarik
100%
Goalkeeper Julius Hudacek
80%
Forward Robert Lantosi
80%
Goalkeeper Branislav Konrad
60%
Forward Juraj Slafkovsky
60%
Forward Kristian Pospisil
60%
Defence Marek Daloga
60%
Forward Martin Fasko-Rudas
60%
Forward Matus Sukel
60%
Defence Mislav Rosandic
60%
Defence Simon Nemec
60%
Forward Marian Studenic
40%
Defence Mario Grman
40%
Defence Michal Ivan
40%
Forward Michal Kristof
40%
Forward Milos Kelemen
40%
Defence Adam Janosik
20%
Forward Adam Liska
20%
Defence Daniel Gachulinec
20%
Defence Martin Gernat
20%
Forward Milos Roman
20%
Defence Samuel Knazko
20%
Forward Adam Holesinsky
0%
Forward David Buc
0%
Defence Martin Bucko
0%
Forward Pavol Skalicky
0%
No matching quizzes found
Score Distribution
Percent of People with Each Score
Percentile by Number Answered
Your Score History
You have not taken this quiz since the last reset